LEADER 00871cam0 22002773 450 001 TWSOB00000375 005 20201027083808.0 010 $a8818910132 100 $a20020507d1988 |||||ita|0103 ba 101 $aita 102 $aIT 200 1 $aDavid Hockney$fMarco Livingstone 210 $aMilano$cRusconi$d1988 215 $a251 p.$c186 ill.$d21 cm 225 2 $aRusconi arte 410 1$1001LAEC00018326$12001 $a*Rusconi arte 700 1$aLivingstone$b, Marco$3AF00011708$4070$0551018 801 0$aIT$bUNISOB$c20201027$gRICA 850 $aUNISOB 852 $aUNISOB$j700|Coll|29|K$m56524 912 $aTWSOB00000375 940 $aM 102 Monografia moderna SBN 941 $aM 957 $a700|Coll|29|K$b000006$gSI$d56524$rACQUISTO$1catenacci$2UNISOB$3UNISOB$420180503102113.0$520180503102127.0$6catenacci 996 $aDavid Hockney$91675607 997 $aUNISOB